000 01280cam a22003134a 4500
001 12220235
003 CEME
005 20210628201512.0
008 001102s2001 nyua b 001 0 eng
010 _a 00053533
020 _a0780360443
040 _aDLC
_cDLC
_dDLC
042 _apcc
050 0 0 _aTK5103.59
_b.K34 2001
082 0 0 _a621.382/7
_221
100 1 _aKartalopoulos, Stamatios V.
_955545
245 1 0 _aFault detectability in DWDM :toward higher signal quality & system reliability
_btoward higher signal quality & system reliability
_cStamatios V. Kartalopoulos.
260 _aNew York :
_bIEEE Press,
_c2001.
300 _axx, 156 p. :
_bill. ;
_c23 cm.
504 _aIncludes bibliographical references and index.
650 0 _aOptical communications.
_955546
650 0 _aWavelength division multiplexing.
_955547
650 0 _aSignal processing
_xDigital techniques.
_955548
650 0 _aFault location (Engineering)
_955549
856 4 2 _3Publisher description
_uhttp://www.loc.gov/catdir/description/wiley039/00053533.html
856 4 1 _3Table of contents only
_uhttp://www.loc.gov/catdir/toc/fy022/00053533.html
856 4 2 _3Contributor biographical information
_uhttp://www.loc.gov/catdir/enhancements/fy0610/00053533-b.html
942 _2ddc
_cBK
999 _c566379
_d566379